|
|
|
|
| LEADER |
00000nam0a2200000 4500 |
| 001 |
278454 |
| 005 |
20241220110750.0 |
| 035 |
|
|
|a (RuTPU)RU\TPU\book\301731
|
| 090 |
|
|
|a 278454
|
| 100 |
|
|
|a 20141211d1986 k y0rusy5003 ca
|
| 101 |
0 |
|
|a rus
|
| 102 |
|
|
|a RU
|
| 105 |
|
|
|a a z 011zb
|
| 200 |
1 |
|
|a Социально-экономическое развитие России
|e сборник статей к 100-летию со дня рождения Н. М. Дружинина
|f Академия наук СССР (АН СССР), Институт истории СССР ; под ред. С. Л. Тихвинского
|
| 210 |
|
|
|a Москва
|c Наука
|d 1986
|
| 215 |
|
|
|a 267 с.
|c ил.
|
| 320 |
|
|
|a Библиогр. в примеч. в конце ст.
|
| 600 |
|
1 |
|a Дружинин
|g Николай Михайлович
|c российский историк
|f 1886-1986
|b Н. М.
|2 stltpush
|3 (RuTPU)RU\TPU\pers\884
|
| 606 |
|
|
|a Социально-экономические отношения в России
|x История
|9 81512
|
| 610 |
1 |
|
|a Россия
|
| 610 |
1 |
|
|a историческая наука
|
| 610 |
1 |
|
|a СССР
|
| 610 |
1 |
|
|a 20 век
|
| 610 |
1 |
|
|a историки
|
| 610 |
1 |
|
|a социальное развитие
|
| 610 |
1 |
|
|a экономическое развитие
|
| 610 |
1 |
|
|a феодализм
|
| 610 |
1 |
|
|a капиталистическая экономика
|
| 610 |
1 |
|
|a исторический прогресс
|
| 610 |
1 |
|
|a 19 век
|
| 686 |
|
|
|a Т3(2)-2
|2 rubbk
|
| 702 |
|
1 |
|a Тихвинский
|b С. Л.
|c российский историк
|c академик РАН
|f 1918-2018
|g Сергей Леонидович
|3 (RuTPU)RU\TPU\pers\18589
|4 340
|9 6889
|
| 712 |
0 |
2 |
|a Академия наук СССР (АН СССР)
|b Институт истории СССР
|c (1968-1991)
|c (Москва)
|3 (RuTPU)RU\TPU\col\11069
|
| 801 |
|
0 |
|a RU
|b RuMRKP
|c 19960704
|g psbo
|
| 801 |
|
1 |
|a RU
|b 63413507
|c 20141211
|
| 801 |
|
2 |
|a RU
|b 63413507
|c 20190702
|g RCR
|
| 942 |
|
|
|c BK
|